Statistics for Flags of Dead Nations

Click here to take the quiz!

General Stats

  • This quiz has been taken 25 times
  • The average score is 198 of 256

Answer Stats

QuestionTileSelect% Correct
The Thirteen Colonies (1607–1776)No
95%
The Thirteen Colonies (1607–1776)No
95%
The Thirteen Colonies (1607–1776)No
95%
The Thirteen Colonies (1607–1776)No
89%
The Thirteen Colonies (1607–1776)No
89%
The Thirteen Colonies (1607–1776)No
89%
The Thirteen Colonies (1607–1776)No
89%
The Thirteen Colonies (1607–1776)No
89%
The Thirteen Colonies (1607–1776)No
89%
The Thirteen Colonies (1607–1776)No
89%
The Thirteen Colonies (1607–1776)No
89%
The Thirteen Colonies (1607–1776)No
89%
Ethiopian Empire (1270–1974)No
84%
Czechoslovakia (1918-1993)No
84%
Czechoslovakia (1918-1993)No
84%
Ethiopian Empire (1270–1974)No
84%
Ethiopian Empire (1270–1974)No
84%
Ethiopian Empire (1270–1974)No
84%
Ethiopian Empire (1270–1974)No
84%
Czechoslovakia (1918-1993)No
84%
Ethiopian Empire (1270–1974)No
84%
Ethiopian Empire (1270–1974)No
84%
Czechoslovakia (1918-1993)No
84%
Czechoslovakia (1918-1993)No
84%
Czechoslovakia (1918-1993)No
84%
Czechoslovakia (1918-1993)No
84%
Czechoslovakia (1918-1993)No
84%
Czechoslovakia (1918-1993)No
84%
Czechoslovakia (1918-1993)No
84%
Czechoslovakia (1918-1993)No
84%
Ethiopian Empire (1270–1974)No
84%
Czechoslovakia (1918-1993)No
84%
Czechoslovakia (1918-1993)No
84%
Czechoslovakia (1918-1993)No
84%
Czechoslovakia (1918-1993)No
84%
Ethiopian Empire (1270–1974)No
84%
Ethiopian Empire (1270–1974)No
84%
Republic of Rhodesia (1970–1979)No
84%
Republic of Rhodesia (1970–1979)No
84%
Republic of Rhodesia (1970–1979)No
84%
Republic of Rhodesia (1970–1979)No
84%
Republic of Rhodesia (1970–1979)No
84%
Republic of Rhodesia (1970–1979)No
84%
Republic of Rhodesia (1970–1979)No
84%
Republic of Rhodesia (1970–1979)No
84%
Republic of Rhodesia (1970–1979)No
84%
Ethiopian Empire (1270–1974)No
84%
Ethiopian Empire (1270–1974)No
84%
Ethiopian Empire (1270–1974)No
84%
Ethiopian Empire (1270–1974)No
84%
The Thirteen Colonies (1607–1776)No
84%
Republic of Venice (697-1797)No
79%
Tibetan Empire (1916-1959)No
79%
Tibetan Empire (1916-1959)No
79%
Republic of Venice (697-1797)No
79%
Tibetan Empire (1916-1959)No
79%
Tibetan Empire (1916-1959)No
79%
Tibetan Empire (1916-1959)No
79%
Tibetan Empire (1916-1959)No
79%
East Germany (1959–1990)No
79%
Tibetan Empire (1916-1959)No
79%
East Germany (1959–1990)No
79%
East Germany (1959–1990)No
79%
East Germany (1959–1990)No
79%
East Germany (1959–1990)No
79%
East Germany (1959–1990)No
79%
Republic of Venice (697-1797)No
79%
Tibetan Empire (1916-1959)No
79%
Tibetan Empire (1916-1959)No
79%
Tibetan Empire (1916-1959)No
79%
Tibetan Empire (1916-1959)No
79%
Republic of Venice (697-1797)No
79%
Zaire (1971-1997)No
79%
Republic of Venice (697-1797)No
79%
Circassia (1500-1864)No
79%
Qing Dynasty (1644-1912)No
79%
Circassia (1500-1864)No
79%
Circassia (1500-1864)No
79%
Circassia (1500-1864)No
79%
Circassia (1500-1864)No
79%
Circassia (1500-1864)No
79%
Circassia (1500-1864)No
79%
Circassia (1500-1864)No
79%
Circassia (1500-1864)No
79%
Republic of Venice (697-1797)No
79%
East Germany (1959–1990)No
79%
Circassia (1500-1864)No
79%
Republic of Venice (697-1797)No
79%
Republic of Venice (697-1797)No
79%
Republic of Venice (697-1797)No
79%
Republic of Venice (697-1797)No
79%
Republic of Venice (697-1797)No
79%
Republic of Venice (697-1797)No
79%
Republic of Venice (697-1797)No
79%
East Germany (1959–1990)No
79%
Yugoslavia (1946-1992)No
79%
East Germany (1959–1990)No
79%
Zaire (1971-1997)No
79%
Qing Dynasty (1644-1912)No
79%
Yugoslavia (1946-1992)No
79%
Yugoslavia (1946-1992)No
79%
Yugoslavia (1946-1992)No
79%
Yugoslavia (1946-1992)No
79%
Yugoslavia (1946-1992)No
79%
Zaire (1971-1997)No
79%
Zaire (1971-1997)No
79%
Zaire (1971-1997)No
79%
Yugoslavia (1946-1992)No
79%
Zaire (1971-1997)No
79%
Zaire (1971-1997)No
79%
Zaire (1971-1997)No
79%
Zaire (1971-1997)No
79%
Zaire (1971-1997)No
79%
Zaire (1971-1997)No
79%
Zaire (1971-1997)No
79%
Zaire (1971-1997)No
79%
Yugoslavia (1946-1992)No
79%
Yugoslavia (1946-1992)No
79%
East Germany (1959–1990)No
79%
Kingdom of Sikkim (1642-1975)No
79%
East Germany (1959–1990)No
79%
East Germany (1959–1990)No
79%
East Germany (1959–1990)No
79%
East Germany (1959–1990)No
79%
East Germany (1959–1990)No
79%
Kingdom of Sikkim (1642-1975)No
79%
Kingdom of Sikkim (1642-1975)No
79%
Kingdom of Sikkim (1642-1975)No
79%
Kingdom of Sikkim (1642-1975)No
79%
Yugoslavia (1946-1992)No
79%
Kingdom of Sikkim (1642-1975)No
79%
Kingdom of Sikkim (1642-1975)No
79%
Kingdom of Sikkim (1642-1975)No
79%
Kingdom of Sikkim (1642-1975)No
79%
Yugoslavia (1946-1992)No
79%
Yugoslavia (1946-1992)No
79%
Yugoslavia (1946-1992)No
79%
Yugoslavia (1946-1992)No
79%
Yugoslavia (1946-1992)No
79%
Qing Dynasty (1644-1912)No
79%
Qing Dynasty (1644-1912)No
79%
Qing Dynasty (1644-1912)No
79%
Corsican Republic (1755–1769)No
79%
Prussia (1803-1892)No
79%
Dominion of Ceylon (1948-1951)No
79%
Dominion of Ceylon (1948-1951)No
79%
Corsican Republic (1755–1769)No
79%
Dominion of Ceylon (1948-1951)No
79%
Corsican Republic (1755–1769)No
79%
Corsican Republic (1755–1769)No
79%
Dominion of Ceylon (1948-1951)No
79%
Corsican Republic (1755–1769)No
79%
Corsican Republic (1755–1769)No
79%
Corsican Republic (1755–1769)No
79%
Corsican Republic (1755–1769)No
79%
Corsican Republic (1755–1769)No
79%
Corsican Republic (1755–1769)No
79%
Corsican Republic (1755–1769)No
79%
Dominion of Ceylon (1948-1951)No
79%
Dominion of Ceylon (1948-1951)No
79%
Zanzibar (1861-1890)No
79%
Zanzibar (1861-1890)No
79%
Zanzibar (1861-1890)No
79%
Dominion of Ceylon (1948-1951)No
79%
Dominion of Ceylon (1948-1951)No
79%
Zanzibar (1861-1890)No
79%
Zanzibar (1861-1890)No
79%
Qing Dynasty (1644-1912)No
79%
Zanzibar (1861-1890)No
79%
Dominion of Ceylon (1948-1951)No
79%
Zanzibar (1861-1890)No
79%
Zanzibar (1861-1890)No
79%
Zanzibar (1861-1890)No
79%
Corsican Republic (1755–1769)No
79%
Dominion of Ceylon (1948-1951)No
79%
Prussia (1803-1892)No
79%
Prussia (1803-1892)No
79%
Prussia (1803-1892)No
79%
Republic of Rhodesia (1970–1979)No
79%
Qing Dynasty (1644-1912)No
79%
Qing Dynasty (1644-1912)No
79%
Qing Dynasty (1644-1912)No
79%
Qing Dynasty (1644-1912)No
79%
The Thirteen Colonies (1607–1776)No
79%
Qing Dynasty (1644-1912)No
79%
Qing Dynasty (1644-1912)No
79%
The Thirteen Colonies (1607–1776)No
79%
Prussia (1803-1892)No
79%
Czechoslovakia (1918-1993)Yes
79%
Prussia (1803-1892)No
79%
Prussia (1803-1892)No
79%
Qing Dynasty (1644-1912)No
79%
Prussia (1803-1892)No
79%
Qing Dynasty (1644-1912)No
79%
Dominion of Ceylon (1948-1951)No
79%
Prussia (1803-1892)No
79%
Prussia (1803-1892)No
79%
Prussia (1803-1892)No
79%
Prussia (1803-1892)No
79%
Prussia (1803-1892)No
79%
Dominion of Ceylon (1948-1951)No
79%
Prussia (1803-1892)No
79%
Prussia (1803-1892)No
79%
Qing Dynasty (1644-1912)No
79%
Republic of Rhodesia (1970–1979)No
79%
Kingdom of Sikkim (1642-1975)No
74%
Zaire (1971-1997)No
74%
Republic of Rhodesia (1970–1979)No
74%
Republic of Rhodesia (1970–1979)No
74%
Zaire (1971-1997)No
74%
Ethiopian Empire (1270–1974)No
74%
Dominion of Ceylon (1948-1951)No
74%
Dominion of Ceylon (1948-1951)No
74%
Kingdom of Sikkim (1642-1975)No
74%
Kingdom of Sikkim (1642-1975)No
74%
Corsican Republic (1755–1769)No
74%
Zanzibar (1861-1890)No
74%
Tibetan Empire (1916-1959)No
74%
Circassia (1500-1864)No
74%
Circassia (1500-1864)No
74%
Circassia (1500-1864)No
74%
Circassia (1500-1864)No
74%
Republic of Venice (697-1797)No
74%
Republic of Venice (697-1797)No
74%
Tibetan Empire (1916-1959)No
74%
Zanzibar (1861-1890)No
74%
Tibetan Empire (1916-1959)No
74%
Corsican Republic (1755–1769)No
74%
Tibetan Empire (1916-1959)No
74%
The Thirteen Colonies (1607–1776)Yes
74%
Zanzibar (1861-1890)No
74%
Kingdom of Sikkim (1642-1975)No
74%
Kingdom of Sikkim (1642-1975)No
68%
Republic of Rhodesia (1970–1979)No
68%
Corsican Republic (1755–1769)No
68%
Zanzibar (1861-1890)No
68%
Republic of Rhodesia (1970–1979)No
68%
Ethiopian Empire (1270–1974)Yes
68%
Dominion of Ceylon (1948-1951)No
68%
Qing Dynasty (1644-1912)Yes
63%
Zanzibar (1861-1890)No
63%
Prussia (1803-1892)Yes
63%
East Germany (1959–1990)Yes
63%
Zanzibar (1861-1890)No
63%
Yugoslavia (1946-1992)Yes
63%
Kingdom of Sikkim (1642-1975)No
58%
Circassia (1500-1864)No
58%
Republic of Venice (697-1797)Yes
53%
Zaire (1971-1997)Yes
53%
Dominion of Ceylon (1948-1951)Yes
47%
Tibetan Empire (1916-1959)Yes
47%
Corsican Republic (1755–1769)Yes
42%
Republic of Rhodesia (1970–1979)Yes
37%
Circassia (1500-1864)Yes
26%
Zanzibar (1861-1890)Yes
21%
Kingdom of Sikkim (1642-1975)Yes
16%

Score Distribution

Percentile by Number Answered

Percent of People with Each Score

Your Score History

You have not taken this quiz